[Event "40th POL-ch"]
[Site "Piotrkow Trybunalski POL"]
[Date "1983.02.12"]
[Round "1"]
[White "Bielczyk, Jacek"]
[Black "Adamski, Jan"]
[Result "1/2-1/2"]
[WhiteElo "2410"]
[BlackElo "2425"]
[EventDate "1983.02.12"]
[PlyCount "34"]

1.e4 c5 2.Nf3 e6 3.d4 cxd4 4.Nxd4 a6 5.Bd3 Nf6 6.O-O d6 7.Nd2 Nbd7 8.c4 b6
9.Qe2 Bb7 10.b3 g6 11.Bb2 Bg7 12.Rae1 O-O 13.Bb1 Qc7 14.Rc1 Rac8 15.Rfe1 
Rfe8 16.Nf1 Qb8 17.Ng3 Ba8 1/2-1/2

[Event "40th POL-ch"]
[Site "Piotrkow Trybunalski POL"]
[Date "1983.02.12"]
[Round "1"]
[White "Dobrzynski, Wojciech"]
[Black "Bernard, Ryszard"]
[Result "0-1"]
[WhiteElo "2340"]
[BlackElo "2340"]
[EventDate "1983.02.12"]
[PlyCount "59"]

1.Nf3 d5 2.g3 c6 3.Bg2 Nf6 4.c4 dxc4 5.Na3 b5 6.Ne5 Nd5 7.d3 cxd3 8.Qxd3 
e6 9.e4 Qd6 10.O-O Nb6 11.Rd1 Qxd3 12.Nxd3 Bb7 13.Be3 N8d7 14.Rac1 Rc8 15.
b4 a5 16.Nc5 Nxc5 17.bxc5 Na4 18.e5 Ba8 19.Rd2 Be7 20.Rcd1 Nc3 21.Rc1 Nd5 
22.Bd4 O-O 23.Nc2 Rfd8 24.Ne3 Nxe3 25.Bxe3 Rxd2 26.Bxd2 b4 27.a3 bxa3 28.
Bxa5 Bb7 29.Ra1 Bxc5 30.Bc3 0-1

[Event "40th POL-ch"]
[Site "Piotrkow Trybunalski POL"]
[Date "1983.02.12"]
[Round "1"]
[White "Flis, Jacek"]
[Black "Borkowski, Franciszek"]
[Result "1-0"]
[WhiteElo "2325"]
[BlackElo "2380"]
[EventDate "1983.02.12"]
[PlyCount "51"]

1.e4 c5 2.Nf3 d6 3.d4 cxd4 4.Nxd4 Nf6 5.Nc3 a6 6.Bc4 e6 7.Bb3 Be7 8.O-O b5
9.f4 O-O 10.e5 dxe5 11.fxe5 Nfd7 12.Be3 Nxe5 13.Qh5 Nc4 14.Bxc4 bxc4 15.
Rad1 Qc7 16.Rf3 g6 17.Qh6 f5 18.Bf4 e5 19.Nd5 Qd6 20.Bxe5 Qxe5 21.Re3 Bg5 
22.Qxf8+ Kxf8 23.Rxe5 Kf7 24.Nb6 Nd7 25.Nxd7 Bxd7 26.Nf3 1-0

[Event "40th POL-ch"]
[Site "Piotrkow Trybunalski POL"]
[Date "1983.02.12"]
[Round "1"]
[White "Pinkas, Karol"]
[Black "Staniszewski, Piotr"]
[Result "0-1"]
[WhiteElo "2405"]
[BlackElo "2370"]
[EventDate "1983.02.12"]
[PlyCount "102"]

1.e4 c5 2.Nf3 e6 3.d4 cxd4 4.Nxd4 a6 5.c4 Nf6 6.Nc3 Qc7 7.a3 Nc6 8.Be3 Ne5
9.Be2 Ng6 10.O-O Be7 11.f4 O-O 12.g4 h6 13.e5 Ne8 14.b4 b6 15.Nf5 Bd8 16.
Nd6 Nxd6 17.exd6 Qb8 18.f5 Nh4 19.Ne4 Bb7 20.Bd3 Re8 21.f6 Bxe4 22.Bxe4 
Bxf6 23.Rxf6 gxf6 24.Bxh6 Qd8 25.Qd4 Rc8 26.Rf1 e5 27.Qd3 Re6 28.Bf5 e4 
29.Qh3 Ng6 30.Bxe6 dxe6 31.Qc3 Ne5 32.c5 bxc5 33.bxc5 Qxd6 34.Rc1 Qd5 35.
h3 Qd3 36.Qxd3 exd3 37.Kf2 d2 38.Rd1 Rxc5 39.Rxd2 Rc3 40.Rd8+ Kh7 41.Bf8 
Rxh3 42.Ra8 Nxg4+ 43.Kg2 Rb3 44.Rxa6 f5 45.Ra5 e5 46.a4 f4 47.Rb5 Rd3 48.
Rb1 Kg6 49.Ra1 Rd2+ 50.Kf1 Rc2 51.a5 f3 0-1

[Event "40th POL-ch"]
[Site "Piotrkow Trybunalski POL"]
[Date "1983.02.12"]
[Round "1"]
[White "Sygulski, Artur"]
[Black "Kiedrowicz, Jan"]
[Result "1-0"]
[WhiteElo "2425"]
[BlackElo "2385"]
[EventDate "1983.02.12"]
[PlyCount "68"]

1.d4 d6 2.c4 g6 3.Nc3 Bg7 4.Nf3 Nd7 5.e4 e5 6.Be2 Ne7 7.O-O h6 8.dxe5 dxe5
9.Be3 c6 10.Qd2 Qc7 11.Nh4 Nf8 12.f4 exf4 13.Bxf4 Qd7 14.Bd6 Ne6 15.Bg4 
O-O 16.Rad1 Qe8 17.e5 Ng5 18.Bxc8 Rxc8 19.Nf3 Nxf3+ 20.Rxf3 Nf5 21.Bxf8 
Qxf8 22.g4 Nh4 23.Re3 Bxe5 24.Qf2 Bxc3 25.bxc3 g5 26.Qf6 Ng6 27.Rd7 b5 28.
c5 Nf4 29.Ree7 Nd5 30.Qxf7+ Qxf7 31.Rxf7 Re8 32.Rxa7 Nxc3 33.Rh7 Kf8 34.
Rxh6 Re5 1-0

[Event "40th POL-ch"]
[Site "Piotrkow Trybunalski POL"]
[Date "1983.02.12"]
[Round "1"]
[White "Sznapik, Aleksander"]
[Black "Stempin, Pawel"]
[Result "1/2-1/2"]
[WhiteElo "2460"]
[BlackElo "2375"]
[EventDate "1983.02.12"]
[PlyCount "68"]

1.e4 c5 2.Nf3 d6 3.d4 cxd4 4.Nxd4 Nf6 5.Nc3 e6 6.Be2 Be7 7.O-O Nc6 8.Be3 
O-O 9.f4 e5 10.fxe5 dxe5 11.Nf5 Bxf5 12.Rxf5 Qxd1+ 13.Rxd1 g6 14.Rff1 Nd4 
15.Rd2 Nxe2+ 16.Rxe2 Kg7 17.Bg5 Ng8 18.Bxe7 Nxe7 19.Rd2 Rad8 20.Rfd1 Nc6 
21.Rd7 Rxd7 22.Rxd7 Rd8 23.Rxb7 Rd2 24.Rc7 Nd4 25.Rxa7 Nxc2 26.Nd5 Ne1 27.
b4 Nxg2 28.b5 Ne1 29.Ra3 Nc2 30.Rh3 Nd4 31.a4 Ra2 32.Nc3 Rb2 33.Nd5 Ra2 
34.Nc3 Rb2 1/2-1/2

[Event "40th POL-ch"]
[Site "Piotrkow Trybunalski POL"]
[Date "1983.02.12"]
[Round "1"]
[White "Szymczak, Zbigniew"]
[Black "Ksieski, Zbigniew"]
[Result "1-0"]
[WhiteElo "2460"]
[BlackElo "2355"]
[EventDate "1983.02.12"]
[PlyCount "49"]

1.e4 c5 2.Nf3 e6 3.d3 d5 4.Nbd2 Nc6 5.g3 Bd6 6.Bg2 Nge7 7.O-O b6 8.a3 dxe4
9.Nxe4 Bb7 10.Nxd6+ Qxd6 11.Ng5 Qd7 12.Qh5 Ng6 13.b4 cxb4 14.Bb2 e5 15.f4 
bxa3 16.Rxa3 O-O-O 17.fxe5 f5 18.exf6 Kb8 19.fxg7 Rhe8 20.Nxh7 Nd4 21.Nf6 
Qe7 22.Be4 Bxe4 23.dxe4 Nxc2 24.Nxe8 Qxe8 25.Rf8 1-0

[Event "40th POL-ch"]
[Site "Piotrkow Trybunalski POL"]
[Date "1983.02.13"]
[Round "2"]
[White "Adamski, Jan"]
[Black "Dobrzynski, Wojciech"]
[Result "1-0"]
[WhiteElo "2425"]
[BlackElo "2340"]
[EventDate "1983.02.12"]
[PlyCount "76"]

1.d4 g6 2.c4 Bg7 3.e4 d6 4.Nc3 Nf6 5.f3 O-O 6.Bg5 h6 7.Be3 e5 8.d5 Na6 9.
Qd2 Nh5 10.O-O-O Kh7 11.Bd3 Nc5 12.Bc2 a5 13.Nge2 a4 14.a3 Bd7 15.g4 Nf4 
16.Nxf4 exf4 17.Bxf4 b5 18.cxb5 Rb8 19.Be3 Qf6 20.Qf2 Bxb5 21.Bd4 Qf4+ 22.
Kb1 Bxd4 23.Rxd4 Bd7 24.Re1 Qf6 25.Qe3 Rb6 26.Rb4 Rfb8 27.e5 Qg7 28.Rxb6 
Rxb6 29.h3 Qh8 30.f4 Qb8 31.Nd1 Kg7 32.f5 Nb3 33.e6 Be8 34.exf7 Bxf7 35.
Qc3+ Kh7 36.Rf1 Qa7 37.h4 Rb8 38.h5 Nd4 1-0

[Event "40th POL-ch"]
[Site "Piotrkow Trybunalski POL"]
[Date "1983.02.13"]
[Round "2"]
[White "Bernard, Ryszard"]
[Black "Sygulski, Artur"]
[Result "1/2-1/2"]
[WhiteElo "2349"]
[BlackElo "2425"]
[EventDate "1983.02.12"]
[PlyCount "74"]

1.e4 e5 2.Nf3 Nc6 3.Bb5 a6 4.Ba4 Nf6 5.O-O b5 6.Bb3 Be7 7.Re1 O-O 8.d4 d6 
9.c3 Bb7 10.Nbd2 Re8 11.Nf1 Bf8 12.Ng3 exd4 13.cxd4 Na5 14.Bc2 c5 15.b3 
Nc6 16.Bb2 cxd4 17.Nxd4 Nxd4 18.Bxd4 Rc8 19.Qd2 Ng4 20.h3 Ne5 21.Rad1 Ng6 
22.Bb1 d5 23.e5 a5 24.Qe3 Bb4 25.Rf1 Nf8 26.Qd3 Rc6 27.f4 Qc7 28.Kh1 Bc5 
29.Nf5 Bc8 30.Ne3 Rd8 31.f5 b4 32.Bxc5 Rxc5 33.Qd4 Ba6 34.Rfe1 Rd7 35.Ng4 
Rc6 36.Ne3 Rc5 37.Ng4 Rc6 1/2-1/2

[Event "40th POL-ch"]
[Site "Piotrkow Trybunalski POL"]
[Date "1983.02.13"]
[Round "2"]
[White "Borkowski, Franciszek"]
[Black "Schmidt, Wlodzimierz"]
[Result "0-1"]
[WhiteElo "2380"]
[BlackElo "2450"]
[EventDate "1983.02.12"]
[PlyCount "80"]

1.e4 c5 2.Nf3 e6 3.Nc3 Nc6 4.Bb5 Nd4 5.Nxd4 cxd4 6.Ne2 Qg5 7.a4 $1 Qxg2 8.
Ng3 Qh3 9.c3 Bc5 10.b4 Bd6 11.Qf3 Be5 12.Bb2 dxc3 13.Bxc3 Bxc3 14.Qxc3 f6 
15.Rc1 Ne7 16.Qc5 $1 a6 17.Be2 Qh4 18.Qd6 f5 $5 19.exf5 O-O 20.fxe6 dxe6 
21.O-O Nc6 22.Rc4 Qd8 23.Qc5 e5 24.b5 axb5 25.axb5 Nd4 26.Qxe5 Nxe2+ 27.
Qxe2 Bh3 28.Rfc1 Qd5 29.Re4 Ra2 30.Qc4 Qxc4 31.Rexc4 Rxd2 32.Rh4 Bd7 33.
Ne4 Rb2 34.Nd6 Rfxf2 35.Nxb7 Rg2+ 36.Kh1 Rgd2 37.Nc5 Bxb5 38.Ne4 Bc6 39.
Kg1 Rg2+ 40.Kh1 Rge2 0-1

[Event "40th POL-ch"]
[Site "Piotrkow Trybunalski POL"]
[Date "1983.02.13"]
[Round "2"]
[White "Flis, Jacek"]
[Black "Sznapik, Aleksander"]
[Result "0-1"]
[WhiteElo "2325"]
[BlackElo "2460"]
[EventDate "1983.02.12"]
[PlyCount "112"]

1.e4 g6 2.d4 Bg7 3.f4 c5 4.d5 d6 5.Nf3 Nf6 6.c3 O-O 7.Bd3 e6 8.dxe6 fxe6 
9.O-O Nc6 10.Qe1 Nh5 11.Ng5 Bf6 12.Nf3 Be7 13.g3 d5 14.Na3 Bd7 15.b3 Qb6 
16.Kh1 Rae8 17.e5 a6 18.Nc2 Qc7 19.Bd2 b5 20.b4 Rc8 21.a3 Rfd8 22.g4 Ng7 
23.Qg3 d4 24.cxd4 Nxd4 25.Ncxd4 cxd4 26.Rac1 Qb7 27.Rxc8 Rxc8 28.Kg1 Qd5 
29.Qf2 Bd8 30.Ng5 Bc6 31.Be4 Qd7 32.Bxc6 Rxc6 33.Ne4 Ne8 34.Nc5 Qd5 35.Qg2
Nc7 36.Qxd5 Nxd5 37.Kg2 Nb6 38.Kf3 Be7 39.Ne4 Rc2 40.Rc1 Ra2 41.Rc6 Rxa3+ 
42.Kf2 Nc4 43.Rxe6 Kf7 44.f5 Nxd2 45.Nxd2 Ra2 46.Kf3 Rxd2 47.Rxa6 d3 48.
Ra7 gxf5 49.gxf5 Re2 50.f6 Rxe5 51.Rxe7+ Rxe7 52.fxe7 Kxe7 53.Ke3 Ke6 54.
Kxd3 Kd5 55.h3 h6 56.h4 h5 0-1

[Event "40th POL-ch"]
[Site "Piotrkow Trybunalski POL"]
[Date "1983.02.13"]
[Round "2"]
[White "Kiedrowicz, Jan"]
[Black "Szymczak, Zbigniew"]
[Result "0-1"]
[WhiteElo "2385"]
[BlackElo "2460"]
[EventDate "1983.02.12"]
[PlyCount "78"]

1.d4 Nf6 2.Nf3 e6 3.c4 c5 4.e3 d5 5.Nc3 a6 6.a3 dxc4 7.Bxc4 b5 8.Bd3 Bb7 
9.O-O Nbd7 10.Qe2 Qc7 11.Bd2 Be7 12.Rac1 O-O 13.e4 Qb6 14.dxc5 Nxc5 15.Bc2
Rac8 16.b4 Ncd7 17.Be3 Qc7 18.Bd3 Qb8 19.Bd4 Bd6 20.h3 Rfd8 21.a4 e5 22.
Be3 Bxb4 23.Na2 Rxc1 24.Bxc1 Be7 25.axb5 axb5 26.Bxb5 Nxe4 27.Bb2 f6 28.
Nh4 Nf8 29.Nc3 Nd6 30.Bd3 g5 31.Nf5 Nxf5 32.Bxf5 Ng6 33.Ne4 Nf4 34.Qc2 Ba6
35.Re1 Bd3 36.Qc3 Ne2+ 37.Rxe2 Bxe2 38.Be6+ Kf8 39.Ba3 Qb1+ 0-1

[Event "40th POL-ch"]
[Site "Piotrkow Trybunalski POL"]
[Date "1983.02.13"]
[Round "2"]
[White "Ksieski, Zbigniew"]
[Black "Pinkas, Karol"]
[Result "1-0"]
[WhiteElo "2355"]
[BlackElo "2405"]
[EventDate "1983.02.12"]
[PlyCount "69"]

1.d4 Nf6 2.c4 c5 3.d5 e6 4.Nc3 exd5 5.cxd5 d6 6.e4 g6 7.f4 Bg7 8.Bb5+ Nfd7
9.a4 O-O 10.Nf3 Na6 11.O-O Nc7 12.Re1 Nxb5 13.axb5 Re8 14.h3 a6 15.Be3 Nb6
16.bxa6 bxa6 17.Bf2 Nc4 18.Qb3 Nb6 19.Bh4 Qc7 20.Rad1 Bd7 21.e5 c4 22.Qa3 
Bf8 23.Ne4 Na4 24.Nf6+ Kg7 25.Nxe8+ Bxe8 26.e6 fxe6 27.dxe6 Be7 28.Bxe7 
Qxe7 29.Rxd6 Kg8 30.Red1 Qf6 31.Ne5 c3 32.bxc3 Qxf4 33.Ng4 Qg5 34.R6d5 Qh4
35.Kh2 1-0

[Event "40th POL-ch"]
[Site "Piotrkow Trybunalski POL"]
[Date "1983.02.13"]
[Round "2"]
[White "Staniszewski, Piotr"]
[Black "Sarwinski, Miroslaw"]
[Result "1-0"]
[WhiteElo "2370"]
[BlackElo "2375"]
[EventDate "1983.02.12"]
[PlyCount "80"]

1.Nf3 Nf6 2.c4 e6 3.g3 b6 4.Bg2 Bb7 5.O-O c5 6.Nc3 Be7 7.b3 O-O 8.d4 Ne4 
9.Bb2 Bf6 10.Qc2 Nxc3 11.Bxc3 Nc6 12.dxc5 bxc5 13.Rad1 Bxc3 14.Qxc3 Qe7 
15.Rd2 d6 16.Rfd1 Rfd8 17.Qe3 Rd7 18.Qg5 Qf8 19.Qf4 Rad8 20.Ng5 Qe7 21.Ne4
d5 22.cxd5 Rxd5 23.Qe3 Nd4 24.b4 Nf5 25.Qxc5 Rxd2 26.Rxd2 Rxd2 27.Nxd2 
Bxg2 28.Qxe7 Nxe7 29.Kxg2 Nd5 30.a3 Nc3 31.Kf3 Nb5 32.Nc4 Kf8 33.Ke4 Ke7 
34.Kd3 f6 35.a4 Nc7 36.e4 f5 37.exf5 exf5 38.Kd4 Ke6 39.b5 g5 40.Kc5 Kd7 
1-0

[Event "40th POL-ch"]
[Site "Piotrkow Trybunalski POL"]
[Date "1983.02.13"]
[Round "2"]
[White "Stempin, Pawel"]
[Black "Bielczyk, Jacek"]
[Result "1-0"]
[WhiteElo "2375"]
[BlackElo "2410"]
[EventDate "1983.02.12"]
[PlyCount "79"]

1.d4 Nf6 2.c4 d6 3.Nc3 Nbd7 4.Nf3 e5 5.Bg5 c6 6.e3 Qa5 7.Qd2 Be7 8.Bd3 O-O
9.O-O Re8 10.Rab1 Qd8 11.b4 Ng4 12.Bxe7 Qxe7 13.Qc2 Ngf6 14.Be2 Nf8 15.
dxe5 dxe5 16.Rfd1 Bg4 17.Nh4 g6 18.Bxg4 Nxg4 19.Nf3 e4 20.Nd4 Qe5 21.h3 
Qh2+ 22.Kf1 Nf6 23.Nce2 Qe5 24.Kg1 Ne6 25.Nxe6 Qxe6 26.Rd4 Rad8 27.c5 Rxd4
28.Nxd4 Qe5 29.Rd1 Rd8 30.Rd2 Rd7 31.Qb3 Qb8 32.Qa4 Rd5 33.Qc2 Qe5 34.Nb3 
Qe6 35.Na5 b6 36.Rxd5 Nxd5 37.cxb6 axb6 38.Nxc6 Qd6 39.Qc4 b5 40.Qxd5 1-0

[Event "40th POL-ch"]
[Site "Piotrkow Trybunalski POL"]
[Date "1983.02.14"]
[Round "3"]
[White "Bielczyk, Jacek"]
[Black "Flis, Jacek"]
[Result "1/2-1/2"]
[WhiteElo "2410"]
[BlackElo "2325"]
[EventDate "1983.02.12"]
[PlyCount "80"]

1.e4 c5 2.Nf3 e6 3.Nc3 Nc6 4.d4 cxd4 5.Nxd4 Qc7 6.Be2 a6 7.O-O Nf6 8.Kh1 
d6 9.Be3 Be7 10.f4 Bd7 11.Qe1 b5 12.a3 O-O 13.Qg3 Nxd4 14.Bxd4 Bc6 15.Rae1
Rad8 16.Bf3 Qb7 17.Rd1 a5 18.Rfe1 b4 19.axb4 axb4 20.Nd5 Ne8 21.Nxe7+ Qxe7
22.e5 Bxf3 23.exd6 Rxd6 24.Qxf3 Nf6 25.h3 Rd5 26.Be5 h6 27.Rxd5 exd5 28.
Qb3 Rc8 29.Re3 Qe6 30.Rg3 Rc4 31.Qd3 Nh5 32.Re3 Re4 33.g4 Nf6 34.Kg2 Rxe3 
35.Qxe3 Ne4 36.Bd4 Qc6 37.Qd3 Qc7 38.Be5 Qc5 39.Bd4 Qc7 40.Be5 Qc5 1/2-1/2

[Event "40th POL-ch"]
[Site "Piotrkow Trybunalski POL"]
[Date "1983.02.14"]
[Round "3"]
[White "Dobrzynski, Wojciech"]
[Black "Stempin, Pawel"]
[Result "1-0"]
[WhiteElo "2340"]
[BlackElo "2375"]
[EventDate "1983.02.12"]
[PlyCount "125"]

1.Nf3 Nf6 2.g3 b6 3.Bg2 Bb7 4.O-O e6 5.c4 c5 6.b3 Be7 7.Bb2 O-O 8.Nc3 d6 
9.e3 a6 10.Qe2 Nbd7 11.Rfd1 Re8 12.d3 Rb8 13.Rac1 b5 14.Ba1 Qa5 15.e4 Ng4 
16.Qd2 Qb6 17.h3 Nge5 18.Nxe5 Nxe5 19.Ne2 Bf6 20.d4 cxd4 21.Bxd4 Qd8 22.f4
Nd7 23.Bxf6 Nxf6 24.Qxd6 Qa5 25.Qd2 Qxd2 26.Rxd2 Nxe4 27.Rd4 Nf6 28.Bxb7 
Rxb7 29.Rd6 bxc4 30.Rxc4 Ra7 31.Ra4 Rea8 32.Nd4 Ne4 33.Rb6 h5 34.Nc6 Nc3 
35.Nxa7 Nxa4 36.Rxa6 Nc5 37.Ra3 Ne4 38.Kg2 Nd6 39.Ra4 Nf5 40.Nc6 Rc8 41.
Ra6 Ne3+ 42.Kf3 Nd5 43.b4 Rc7 44.b5 Nc3 45.b6 Rxc6 46.b7 Rxa6 47.b8=Q+ Kh7
48.Qb3 Rc6 49.Qb7 Rd6 50.Qxf7 Kh6 51.g4 hxg4+ 52.hxg4 Kh7 53.g5 Rd3+ 54.
Kg4 Nd5 55.Qxe6 Rd4 56.Qe5 Rd1 57.Qf5+ g6 58.Qf7+ Kh8 59.Qxg6 Rg1+ 60.Kf3 
Rf1+ 61.Kg3 Rg1+ 62.Kf2 Rg2+ 63.Kf3 1-0

[Event "40th POL-ch"]
[Site "Piotrkow Trybunalski POL"]
[Date "1983.02.14"]
[Round "3"]
[White "Sarwinski, Miroslaw"]
[Black "Ksieski, Zbigniew"]
[Result "1/2-1/2"]
[WhiteElo "2375"]
[BlackElo "2355"]
[EventDate "1983.02.12"]
[PlyCount "143"]

1.d4 Nf6 2.c4 e6 3.Nc3 Bb4 4.e3 O-O 5.Bd3 c5 6.Nf3 d5 7.O-O dxc4 8.Bxc4 
Nbd7 9.a3 cxd4 10.exd4 Be7 11.Bf4 Nb6 12.Ba2 Nbd5 13.Nxd5 Nxd5 14.Be5 Bd7 
15.Bxd5 exd5 16.Qb3 Bc6 17.Rfe1 Re8 18.h3 a5 19.Nh2 Bf8 20.Qg3 Bd7 21.Bd6 
Re4 22.Bxf8 Qxf8 23.Nf3 Rc8 24.Ne5 Be6 25.Qd3 Rxe1+ 26.Rxe1 Qd6 27.Qd2 Qb6
28.Re3 Qd8 29.Rg3 b6 30.Qh6 Qf8 31.Nf3 f6 32.Qd2 Qd6 33.Nh2 Bd7 34.Nf1 Re8
35.Re3 Rxe3 36.Nxe3 g6 37.Qe2 b5 38.Qf3 Bc6 39.h4 h5 40.g4 hxg4 41.Qxg4 
Kh7 42.h5 f5 43.hxg6+ Qxg6 44.Qxg6+ Kxg6 45.f4 Kf6 46.Kf2 Ke6 47.Kg3 Kf6 
48.Kh4 Kg6 49.b3 Bb7 50.Nd1 Kh6 51.Nf2 Bc6 52.Nd3 Bd7 53.Ne5 Be8 54.Kg3 
Kg7 55.Kh3 Kh7 56.Nd3 Bd7 57.Kh4 Kh6 58.Ne1 Be8 59.Nd3 Bd7 60.Nc5 Bc8 61.
a4 b4 62.Kh3 Kh7 63.Nd3 Bd7 64.Ne1 Be8 65.Nf3 Bf7 66.Kg3 Kg7 67.Ng5 Kf6 
68.Kh4 Be8 69.Nf3 Kg6 70.Ng5 Kh6 71.Nf3 Bh5 72.Kg3 1/2-1/2

[Event "40th POL-ch"]
[Site "Piotrkow Trybunalski POL"]
[Date "1983.02.14"]
[Round "3"]
[White "Schmidt, Wlodzimierz"]
[Black "Staniszewski, Piotr"]
[Result "1/2-1/2"]
[WhiteElo "2450"]
[BlackElo "2370"]
[EventDate "1983.02.12"]
[PlyCount "57"]

1.d4 Nf6 2.c4 e6 3.Nf3 b6 4.a3 Ne4 5.g3 Bb7 6.Bg2 d5 7.O-O Be7 8.Nfd2 Nxd2
9.Bxd2 Nd7 10.Nc3 Nf6 11.Bg5 O-O 12.cxd5 Nxd5 13.Bxe7 Qxe7 14.Nxd5 Bxd5 
15.Bxd5 exd5 16.Rc1 Rfe8 17.e3 Qd7 18.Qc2 Rac8 19.Qc6 Qxc6 20.Rxc6 Re6 21.
Rc2 c5 22.dxc5 Rxc5 23.Rd2 Re5 24.Rfd1 Kf8 25.Kf1 Ke7 26.Ke2 Ke6 27.h4 h5 
28.Rd4 Re4 29.R4d3 1/2-1/2

[Event "40th POL-ch"]
[Site "Piotrkow Trybunalski POL"]
[Date "1983.02.14"]
[Round "3"]
[White "Sygulski, Artur"]
[Black "Adamski, Jan"]
[Result "1/2-1/2"]
[WhiteElo "2425"]
[BlackElo "2425"]
[EventDate "1983.02.12"]
[PlyCount "51"]

1.d4 Nf6 2.c4 e6 3.Nf3 d5 4.Nc3 Bb4 5.a3 Bxc3+ 6.bxc3 c5 7.e3 O-O 8.Bd3 
dxc4 9.Bxc4 Qc7 10.Be2 b6 11.O-O Ba6 12.Bxa6 Nxa6 13.Qe2 Qb7 14.Bb2 Rac8 
15.Ne5 Nb8 16.a4 Nc6 17.Nxc6 Rxc6 18.Ba3 Rfc8 19.dxc5 Ne4 20.cxb6 Nxc3 21.
Qd2 Qxb6 22.Bb2 Rd8 23.a5 Qxa5 24.Bxc3 Rxc3 25.Rxa5 Rxd2 26.Rxa7 1/2-1/2

[Event "40th POL-ch"]
[Site "Piotrkow Trybunalski POL"]
[Date "1983.02.14"]
[Round "3"]
[White "Sznapik, Aleksander"]
[Black "Borkowski, Franciszek"]
[Result "1-0"]
[WhiteElo "2460"]
[BlackElo "2380"]
[EventDate "1983.02.12"]
[PlyCount "55"]

1.e4 e5 2.Nf3 Nc6 3.Bb5 a6 4.Ba4 d6 5.Bxc6+ bxc6 6.d4 exd4 7.Nxd4 c5 8.Nc6
Qd7 9.Na5 Qa4 10.Bd2 Qxe4+ 11.Kf1 Bf5 12.Na3 Nf6 13.f3 Qd5 14.Qe1+ Be7 15.
Bc3 Be6 16.Rd1 Qf5 17.Nc6 Bd8 18.h4 O-O 19.h5 Nxh5 20.Nxd8 Raxd8 21.Qh4 
Nf6 22.Bxf6 gxf6 23.Kf2 Kh8 24.g4 Qg6 25.Rdg1 Bd5 26.g5 Qf5 27.Rh3 Be6 28.
g6 1-0

[Event "40th POL-ch"]
[Site "Piotrkow Trybunalski POL"]
[Date "1983.02.14"]
[Round "3"]
[White "Szymczak, Zbigniew"]
[Black "Bernard, Ryszard"]
[Result "1/2-1/2"]
[WhiteElo "2460"]
[BlackElo "2340"]
[EventDate "1983.02.12"]
[PlyCount "49"]

1.e4 c5 2.Nf3 d6 3.d4 cxd4 4.Nxd4 Nf6 5.Nc3 a6 6.Be2 e5 7.Nb3 Be7 8.O-O 
O-O 9.Be3 Be6 10.Qd2 Nbd7 11.a4 Qc7 12.a5 Rac8 13.Rfc1 Nc5 14.Nxc5 dxc5 
15.f3 Rfd8 16.Qe1 h6 17.Na4 Nd7 18.c4 Bg5 19.Bxg5 hxg5 20.Nc3 Nb8 21.Nd5 
Qd6 22.Nb6 Rc6 23.Nd5 Rcc8 24.Nb6 Rc6 25.Nd5 1/2-1/2

[Event "40th POL-ch"]
[Site "Piotrkow Trybunalski POL"]
[Date "1983.02.15"]
[Round "4"]
[White "Adamski, Jan"]
[Black "Szymczak, Zbigniew"]
[Result "1/2-1/2"]
[WhiteElo "2425"]
[BlackElo "2460"]
[EventDate "1983.02.12"]
[PlyCount "49"]

1.d4 Nf6 2.c4 c5 3.Nf3 cxd4 4.Nxd4 e6 5.g3 d5 6.Bg2 e5 7.Nf3 d4 8.O-O Nc6 
9.e3 Bc5 10.exd4 exd4 11.Re1+ Be6 12.Ng5 O-O 13.Nxe6 fxe6 14.Nd2 d3 15.Nb3
Bd4 16.Be3 Bxb2 17.Rb1 Bc3 18.Rf1 Bb4 19.Nc1 d2 20.Nb3 Rf7 21.Nxd2 Bxd2 
22.Qxd2 Qxd2 23.Bxd2 Rc8 24.Rfe1 Nd8 25.Rec1 1/2-1/2

[Event "40th POL-ch"]
[Site "Piotrkow Trybunalski POL"]
[Date "1983.02.15"]
[Round "4"]
[White "Bernard, Ryszard"]
[Black "Pinkas, Karol"]
[Result "1/2-1/2"]
[WhiteElo "2340"]
[BlackElo "2405"]
[EventDate "1983.02.12"]
[PlyCount "118"]

1.e4 e5 2.Nf3 Nc6 3.Bb5 a6 4.Ba4 Nf6 5.O-O Nxe4 6.d4 b5 7.Bb3 d5 8.dxe5 
Be6 9.Nbd2 Nc5 10.c3 Bg4 11.h3 Bh5 12.Bc2 Be7 13.Re1 O-O 14.Nb3 Ne6 15.g4 
Bg6 16.Bf5 a5 17.Be3 a4 18.Nbd4 Nexd4 19.cxd4 Na5 20.b3 Bb4 21.Re2 Bc3 22.
Rb1 axb3 23.axb3 b4 24.Qd3 Nc6 25.Bg5 Qe8 26.h4 h5 27.Be3 hxg4 28.Ng5 Ne7 
29.Bxg6 fxg6 30.Ne6 Nf5 31.Nxf8 Qxf8 32.Bg5 Nxd4 33.Re3 Nf3+ 34.Kg2 d4 35.
Re2 Re8 36.e6 Qf5 37.Rd1 Qxd3 38.Rxd3 Ne1+ 39.Rxe1 Bxe1 40.e7 c5 41.Kg3 
Kf7 42.Rd1 Bc3 43.f3 c4 44.bxc4 b3 45.fxg4 b2 46.Rf1+ Ke6 47.Kf3 Kd7 48.
Ke4 Rb8 49.Rb1 Kc6 50.Kd3 Kc5 51.h5 gxh5 52.gxh5 Kb4 53.h6 gxh6 54.Bxh6 
Kb3 55.Bg7 Ka2 56.Rd1 b1=Q+ 57.Rxb1 Kxb1 58.Bxd4 Be1 59.c5 Bh4 1/2-1/2

[Event "40th POL-ch"]
[Site "Piotrkow Trybunalski POL"]
[Date "1983.02.15"]
[Round "4"]
[White "Borkowski, Franciszek"]
[Black "Staniszewski, Piotr"]
[Result "1-0"]
[WhiteElo "2380"]
[BlackElo "2370"]
[EventDate "1983.02.12"]
[PlyCount "64"]

1.e4 c5 2.Nf3 e6 3.d4 cxd4 4.Nxd4 a6 5.c4 Nf6 6.Nc3 Qc7 7.a3 Nc6 8.Be3 Be7
9.Bd3 Ne5 10.f4 Neg4 11.Bc1 Bc5 12.Be2 e5 13.Nd5 Nxd5 14.cxd5 Nf2 15.Kxf2 
Bxd4+ 16.Kf3 d6 17.f5 g6 18.g4 gxf5 19.gxf5 Rg8 20.Be3 Bxe3 21.Kxe3 Rg2 
22.Kf3 Rg7 23.Rg1 f6 24.Qd2 Rxg1 25.Rxg1 Qb6 26.Rg7 Qb3+ 27.Kg2 Qa4 28.b4 
Kd8 29.Rg8+ Kc7 30.Qc3+ Kb6 31.Rxc8 Rxc8 32.Qxc8 Ka7 1-0

[Event "40th POL-ch"]
[Site "Piotrkow Trybunalski POL"]
[Date "1983.02.15"]
[Round "4"]
[White "Kiedrowicz, Jan"]
[Black "Sarwinski, Miroslaw"]
[Result "1-0"]
[WhiteElo "2385"]
[BlackElo "2375"]
[EventDate "1983.02.12"]
[PlyCount "127"]

1.d4 g6 2.c4 Bg7 3.Nc3 d6 4.Nf3 Nd7 5.e4 c5 6.Be2 cxd4 7.Nxd4 Ngf6 8.Be3 
O-O 9.O-O Ne5 10.f3 Bd7 11.Qd2 a6 12.Rac1 Rc8 13.Nd5 Bc6 14.Nb4 Bd7 15.Nb3
b5 16.cxb5 axb5 17.Rxc8 Qxc8 18.Rc1 Qb7 19.Nd4 Rd8 20.b3 Be8 21.Qc3 d5 22.
exd5 Nxd5 23.Nxd5 Qxd5 24.Qc5 Qa8 25.Rc2 Qa5 26.Kf1 Bd7 27.h3 h5 28.f4 Rc8
29.Qd5 Rxc2 30.Nxc2 Be6 31.Qd2 Qxa2 32.fxe5 Bxb3 33.Nd4 Bxe5 34.Qxa2 Bxa2 
35.Nxb5 Kg7 36.Bg5 f6 37.Bd2 Bf7 38.Nc3 Be8 39.Bd3 Bf7 40.Kf2 Bd4+ 41.Kf3 
Be8 42.Be4 Bd7 43.Ne2 Bb6 44.Bb7 g5 45.Kg3 Bc5 46.Nc3 Kg6 47.Ne4 Bd4 48.
Bb4 f5 49.Nc5 Bb5 50.Ne6 Be5+ 51.Kf2 Kf6 52.Bd5 Bd7 53.Nd8 Bd4+ 54.Ke1 e6 
55.Bc6 Bc8 56.Be8 Bb6 57.Nc6 Bb7 58.Be7+ Kg7 59.Bxg5 Kf8 60.Bd7 Bxc6 61.
Bxc6 Kf7 62.Bd7 Bd4 63.Ke2 Bc3 64.Bd8 1-0

[Event "40th POL-ch"]
[Site "Piotrkow Trybunalski POL"]
[Date "1983.02.15"]
[Round "4"]
[White "Ksieski, Zbigniew"]
[Black "Schmidt, Wlodzimierz"]
[Result "1/2-1/2"]
[WhiteElo "2355"]
[BlackElo "2450"]
[EventDate "1983.02.12"]
[PlyCount "38"]

1.d4 Nf6 2.c4 c5 3.d5 d6 4.Nc3 g6 5.e4 Bg7 6.Bd3 O-O 7.Nge2 e6 8.O-O exd5 
9.cxd5 b6 10.a4 Na6 11.h3 Nb4 12.Bb1 Ba6 13.Bg5 Re8 14.Re1 Bxe2 15.Rxe2 
Rc8 16.Na2 Nxa2 17.Rxa2 Qc7 18.b3 a6 19.Bd3 Qb7 1/2-1/2

[Event "40th POL-ch"]
[Site "Piotrkow Trybunalski POL"]
[Date "1983.02.15"]
[Round "4"]
[White "Stempin, Pawel"]
[Black "Sygulski, Artur"]
[Result "1/2-1/2"]
[WhiteElo "2375"]
[BlackElo "2425"]
[EventDate "1983.02.12"]
[PlyCount "87"]

1.d4 Nf6 2.c4 c5 3.d5 d6 4.Nc3 g6 5.e4 Bg7 6.f3 O-O 7.Bg5 h6 8.Be3 a6 9.a4
Nbd7 10.Nge2 Ne5 11.Nc1 e6 12.Be2 exd5 13.cxd5 Nh5 14.g4 Nf6 15.Qd2 h5 16.
h3 Re8 17.g5 Nh7 18.f4 Nd7 19.Bd3 f5 20.N1e2 fxe4 21.Bxe4 Nb6 22.Qd3 Bf5 
23.Bxf5 gxf5 24.O-O Nc4 25.Bc1 Na5 26.Qxf5 Nb3 27.Rb1 c4 28.Qg6 Nxc1 29.
Rbxc1 Re3 30.Qxh5 Qb6 31.Rf2 Rae8 32.Rc2 Bxc3 33.Nxc3 Rg3+ 34.Kh2 Ree3 35.
Rce2 Qd4 36.Rxe3 Qxe3 37.Ne4 b5 38.axb5 axb5 39.Qh4 Rf3 40.Rxf3 Qxf3 41.g6
Qe2+ 42.Kg1 Qd1+ 43.Kg2 Qc2+ 44.Kf1 1/2-1/2

[Event "40th POL-ch"]
[Site "Piotrkow Trybunalski POL"]
[Date "1983.02.15"]
[Round "4"]
[White "Sznapik, Aleksander"]
[Black "Bielczyk, Jacek"]
[Result "1/2-1/2"]
[WhiteElo "2460"]
[BlackElo "2410"]
[EventDate "1983.02.12"]
[PlyCount "49"]

1.e4 c5 2.Nf3 Nc6 3.d4 cxd4 4.Nxd4 Nf6 5.Nc3 d6 6.Bg5 e6 7.Qd2 a6 8.O-O-O 
Bd7 9.f4 h6 10.Bxf6 Qxf6 11.Nxc6 Bxc6 12.g3 Qd8 13.h4 Be7 14.Bg2 Qa5 15.
Kb1 O-O-O 16.Rhe1 Bf6 17.Re3 Rd7 18.Rd3 Rhd8 19.a3 Kb8 20.Bf3 Bxc3 21.Rxc3
d5 22.exd5 Qb6 23.Rb3 Qc5 24.Qe2 Bxd5 25.Rxd5 1/2-1/2